• Brown Ray Sextet

di Personal Name

Records bibliografici associati: 1

001 - CONTROL NUMBER

  • control field: 16703

003 - CONTROL NUMBER IDENTIFIER

  • control field: IT-RoPau

005 - DATE AND TIME OF LATEST TRANSACTION

  • control field: 20140314214703.0

008 - FIXED-LENGTH DATA ELEMENTS

  • fixed length control field: 140314|| aca||aabn | a|a d

040 ## - CATALOGING SOURCE

  • Original cataloging agency: IT-RoPau
  • Transcribing agency: IT-RoPau

100 ## - HEADING--PERSONAL NAME

  • Personal name: Brown Ray Sextet
  • Miscellaneous information: Codice interprete SPICS: 10092
  • Relator term: Interprete

670 ## - SOURCE DATA FOUND

  • Source citation: Work cat.: (IT-RoPau)98859: Ellis Herb 16700, Hot Tracks
CREDITS: SOCIETA' SAN PAOLO Via A.Severo, 58 - ROMA (RM) & PERIODICI SAN PAOLO SRL Via Giotto, 36 MILANO & CISF Via Giotto, 36 MILANO & EDIZIONI SAN PAOLO SRL,  Piazza Soncino, 5 CINISELLO BALSAMO (MI) -- ITALY